Về cách mạng xã hội chủ nghĩa : Tập trích /

Сохранить в:
Библиографические подробности
Главный автор: Mác, C.
Другие авторы: ..., Ghen, F. Ăng, Lênin, V. I.
Формат: Sách giấy
Язык:Vietnamese
Опубликовано: [k.đ] : [knxb] , 1975
Метки: Добавить метку
Нет меток, Требуется 1-ая метка записи!
Thư viện lưu trữ: Thư viện Trường Đại học Đà Lạt
LEADER 00698nam a2200289 4500
001 DLU020015138
005 ##7/29/2000
020 # # |a 978- 
041 # # |a vie 
082 # # |a 321.094  |b Vec 
090 # # |a 321.094  |b Vec 
100 # # |a Mác, C. 
245 # # |a Về cách mạng xã hội chủ nghĩa :  |b Tập trích /  |c Mác C., ghen F. Ăng, Lênin V. I., ...  
260 # # |a [k.đ] :  |b [knxb] ,  |c 1975 
300 # # |a 113 tr.;   |c 19 cm. 
700 # # |a ..., 
700 # # |a Ghen, F. Ăng 
700 # # |a Lênin, V. I. 
992 # # |a 352 
994 # # |a DLU 
900 # # |a False 
911 # # |a Administrator 
925 # # |a G 
926 # # |a A 
927 # # |a SH 
980 # # |a Thư viện Trường Đại học Đà Lạt